Encuesta agrícola por muestreo en las regiones agrícolas de Costa Rica, 1971. Arroz, frijol y maíz

Guardado en:
Bibliografiske detaljer
Institution som forfatter: Costa Rica. Ministerio de Economía, Industria y Comercio. Dirección General de Estadística y Censos
Format: Texto
Udgivet: San José: DGEC. Sección de Publicaciones
Tags: Tilføj Tag
Ingen Tags, Vær først til at tagge denne postø!

MARC

LEADER 00000 a a2200000 04500
001 17503
003
040
090 |a 029400  
110 |a Costa Rica. Ministerio de Economía, Industria y Comercio. Dirección General de Estadística y Censos  
245 |a Encuesta agrícola por muestreo en las regiones agrícolas de Costa Rica, 1971. Arroz, frijol y maíz  
260 |a San José:   |b DGEC. Sección de Publicaciones  
300 |a 12 p.  
999 |c 15668  |d 15668